Score 0/16 Timer 06:00
0 Plays Today
% Correct
Daley Blind
70.6%
John Stones
70.3%
Eden Hazard
66.5%
Stephen Ireland
62.5%
Danny Rose
62.3%
David Villa
57.7%
Raheem Sterling
55.8%
Wes Brown
52.9%
% Correct
Jack Cork
51.2%
Christopher Samba
50.2%
Keisuke Honda
48.5%
Damien Duff
47.5%
Charlie Austin
46.9%
Park Ji-sung
46.1%
Andy King
43.7%
Denis Law
39.6%
Remove Ads.
Support Sporcle.
Get the best of Sporcle when you Go Orange. This ad-free experience offers more features, more stats, and more fun while also helping to support Sporcle. Thank you for becoming a member.

You're not logged in!

Compare scores with friends on all Sporcle quizzes.
OR
Log In

Sporcle TV

Today on Sporcle TV


Watch our educational content, quiz creation guides, and fun videos on Sporcle TV.

Show Comments

Extras

Top Quizzes Today


Score Distribution

Paid Content

Your Account Isn't Verified!

In order to create a playlist on Sporcle, you need to verify the email address you used during registration. Go to your Sporcle Settings to finish the process.

Report this User

Report this user for behavior that violates our Community Guidelines.

Details: